Central Library and Information Centre
Sibsagar Girls' College, Sivasagar : Assam

A CENTURY OF GOVERNMENT AND POLITICS IN NORTH EAST INDIA (Record no. 8616)

MARC details
000 -LEADER
fixed length control field 00475cam a2200193ua 4500
008 - FIXED-LENGTH DATA ELEMENTS--GENERAL INFORMATION
fixed length control field 181008n1996 II |||gr||||Z||||||eng
040 ## - CATALOGING SOURCE
Original cataloging agency MAIN
041 ## - LANGUAGE CODE
-- English
041 ## - LANGUAGE CODE
-- eng
082 ## - DEWEY DECIMAL CLASSIFICATION NUMBER
Classification number 320 RAO
100 ## - MAIN ENTRY--PERSONAL NAME
Personal name RAO, V. VENKATA.
245 ## - TITLE STATEMENT
Title A CENTURY OF GOVERNMENT AND POLITICS IN NORTH EAST INDIA
260 ## - PUBLICATION, DISTRIBUTION, ETC.
Place of publication, distribution, etc. NEW DELHI
Name of publisher, distributor, etc. STERLING PUBLISHERS
Date of publication, distribution, etc. 1996
300 ## - PHYSICAL DESCRIPTION
Extent 756.
700 ## - ADDED ENTRY--PERSONAL NAME
Personal name HAZARIKA, NIRU.
942 ## - ADDED ENTRY ELEMENTS (KOHA)
Koha item type Books
653 ## - INDEX TERM--UNCONTROLLED
Uncontrolled term Political science
Holdings
Withdrawn status Lost status Damaged status Not for loan Collection code Home library Current library Shelving location Date acquired Full call number Barcode Date last seen Copy number Price effective from Koha item type Public note
        TBPSC Central Library and Information Centre Sibsagar Girls College Central Library and Information Centre Sibsagar Girls College North East India Books 23.06.1998 320 RAO 15813 27.02.2020 1 27.02.2020 Books V


Sibsagar Girl's College © 2020. All rights reserved.
Powered by Koha.
Maintained by Abhijit Borpuzari.